| 000 | 00581nam a2200193 a 4500 | ||
|---|---|---|---|
| 001 | 26388 | ||
| 005 | 20180713224920.0 | ||
| 008 | 140415s1970 mx 000 0 spa d | ||
| 041 | _aspa | ||
| 082 |
_a330.1556 _bWAL |
||
| 100 | 1 | _aWALTON, CLARENCE C. | |
| 245 | 1 | 4 |
_aLOS NEGOCIOS Y EL PROGRESO SOCIAL : _bPUNTOS DE VISTA DE DOS GENERACIONES |
| 250 | _a1a ed. | ||
| 260 |
_aMEXICO : _bINDETERMINADO, _c1970 |
||
| 300 |
_a190 _c14.2 x 1.5 x 21.3 |
||
| 650 | 1 | 4 | _aECONOMIA DEL BIENESTAR |
| 700 | 1 |
_aESPARZA,ALFONSO _etr. |
|
| 740 | _aBUSINESS AND SOCIAL PROGRESS | ||
| 999 |
_c26388 _d26388 |
||